000 01036nas a2200301 4500
001 BR9201694
003 BR-BrBNA
005 20231205092434.0
007 ta
008 230509b bl.|||p| |||| 00| 00por d
040 _aBR-BrBNA
_bpor
_cBiblioteca Nacional de Agricultura
041 _a(Pt)
072 _aL72
100 1 _aAraujo, F.A.P. de
100 1 _aPaiva, M. das G. de S.
100 1 _aChaplin, E.L.
100 1 _aSilva, N.R. dos S.
245 1 _aFauna parasitaria intestinal de Didelphis marsupialis no municipio de Porto Alegre, Rio Grande do Sul
246 1 _aParasitary intestinal fauna of Didelphis marsupialis in Porto Alegre, Rio Grande do Sul, Brazil
650 _aGAMBA
650 _aNEMATOIDE
650 _aTREMATODEO
650 _aCOCCIDEO
650 _aRIO GRANDE DO SUL
773 0 _tArquivos da Faculdade de Veterinaria da Universidade Federal do Rio Grande do Sul (Brazil)
_xISSN 0101-5230
_g(1990), v. 18 p. 5-11
_wBR9201694
909 _a202311
_bLúcia
_c55
_dLúcia Elande
942 _2AGRIS
_n0
_cANA
999 _c131705
_d131705